| 000 | 00429 a2200157 4500 | ||
|---|---|---|---|
| 003 | OSt | ||
| 005 | 20240110142501.0 | ||
| 008 | 240110b |||||||| |||| 00| 0 eng d | ||
| 040 | _coclc | ||
| 082 |
_a297 _bAKB/W |
||
| 100 |
_aAkbar, M M _92026 |
||
| 245 |
_aThe Way to Salvation / _cM M Akbar |
||
| 260 |
_aKerala : _bNiche of truth, _c2006. |
||
| 300 | _a56p | ||
| 942 |
_2ddc _cBK _h297 _iAKB/W _k297 _mAKB/W |
||
| 999 |
_c43068 _d43068 |
||